000 00208 a2200097 4500
001 18134
100 _aSentz, R E
245 _aModern Comm Electronics
260 _a
_bHolt Rinehart
_c
090 _c13428
_d13428
942 _aNUST-CAE
_cM
_c3812
999 _c253207
_d253207